00290nam a2200133Ia 4500008004000000041000800040082001200048100001900060245002700079260001500106650001300121650001200134650001000146210210b1933 xxu||||| |||| 00| 0 eng d aeng a829/144 aCOLE (G D H M) aGreat southern mystery a-b-c1933 asouthern amystery aGreat